• 首页
  • 本馆介绍
  • 公告通知
  • 最新文献
  • 馆藏检索
  • 电子资源
  • 读者导购
  • 参考咨询
  • 我的图书馆
  • 登录
  • 详细信息显示
  • 放入我的书架
  • 预约/预借图书
  • 作者相关作品
  • 分类相关作品
  • 丛书相关作品
  • 出版社相关作品

书目信息

  • 表格格式
  • 工作单格式
  • 卡片格式
题名:
电磁射线理论基础
    
 
作者: 阮颖铮 编著
分册:  
出版信息: 成都   电子科技大学出版社  1989
页数: 196页
开本: 20cm
丛书名: 电子知识提前学丛书
单 册:
中图分类: O441.4
科图分类:
主题词: 电磁辐射--射线理论--高等学校--教学参考资料 , 射线理论 , 电磁辐射
电子资源:
ISBN: 7-81016-056-7
000 00933oam2 2200289 45
001 01200620000006
005 20070705154540.59
010    @a7-81016-056-7@dCNY16.00
092    @aCN@b491644
100    @a20060420e20051989em y0chiy0121 ea
101 0  @achi
102    @aCN@b510000
105    @aak z 000yy
200 1  @a电磁射线理论基础@9dian ci she xian li lun ji chu@f阮颖铮编著
210    @a成都@c电子科技大学出版社@d1989@h2005重印
215    @a196页@c图@d20cm
225 2  @a电子知识提前学丛书
320    @a有书目(第193~196页)
330    @a本书内容包括:射线理论的数学基础、电磁射线理论的物理基础、几何光学理论、几何绕射理论、复射线理论五章。
461  0 @12001 @a电子知识提前学丛书
606 0  @a电磁辐射@x射线理论@x高等学校@j教学参考资料
606 0  @a射线理论
606 0  @a电磁辐射
690    @aO441.4@v4
701  0 @a阮颖铮@9ruan ying zheng@4编著
801  0 @aCN@bLZJBOOK@c20070705
905    @a10447@dO441.4@e116
    
    电磁射线理论基础/阮颖铮编著.-成都:电子科技大学出版社,1989(2005重印)
    196页:图;20cm.-(电子知识提前学丛书)
    
    
    ISBN 7-81016-056-7:CNY16.00
    本书内容包括:射线理论的数学基础、电磁射线理论的物理基础、几何光学理论、几何绕射理论、复射线理论五章。
●
相关链接 在E读中查询图书 在五车中查询图书 在当当中查询图书 在豆瓣中查询图书


正题名:电磁射线理论基础     索取号:O441.4/116         预约/预借

序号 登录号 条形码 馆藏地/架位号 状态 备注
1 0562381   205623814   第二样本阅览室/ [索取号:O441.4/116] 在馆    
2 0562382   205623823   第三借阅区/ [索取号:O441.4/116] 在馆    
3 0562383   205623832   第三借阅区/ [索取号:O441.4/116] 在馆    
4 0562384   205623841   第三借阅区/ [索取号:O441.4/116] 在馆    
5 0562385   205623850   第三借阅区/ [索取号:O441.4/116] 在馆    
6 0562386   205623869   第三借阅区/ [索取号:O441.4/116] 在馆    
7 0562387   205623878   第三借阅区/ [索取号:O441.4/116] 在馆    
8 0562388   205623887   第三借阅区/ [索取号:O441.4/116] 在馆    
欢迎您!
大连网信软件有限公司© 版权所有